00861nam a22002297a 4500003000500000005001700005008004100022010001000063011001000073035001000083040000900093100003200102245019500134260004000329300002200369502008300391650002800474650003000502650003100532650004200563650002600605CHAP20220329135337.0971013s1976 r 00010 d a34745 a35717 a39833 cCHAP00aOlea Ruiz, Miguel Humberto. aFactibilidad económica de la parcial o total sustitución de la fertilización fosfatada al suelo por asperciones foliares en frijol (Phaseolus vulgaris L.) en Cadereyta Jiménez, N. L. aMonterrey, N. L. :bEl autor,c1976 a58 h.b; gráfs. aTesis (Ing. Agr. Administrador) -- ITESM. División de Ciencias Agropecuarias14aFertilización foliar.14aFertilizantes fosfatados.14aFertilizantes para frijol.14aFertilizantesxAspectos económicos.14aFrijolxNuevo León.